000 00372nam a22001577a 4500
020 _a13-979-0-590-86559-0
082 _a823
_bSTI/G
100 _aSTINE, R.L
245 _aGOOSEBUMPS
246 _aHOW I LEARNED TO FLY
_bGOOSEBUMPS
260 _aDELHI
_bSCHOLASTIC INC.
_c1997
300 _a124
520 _aGOOSEBUMPS -STORY
650 _aGOOSEBUMPS -STORY
942 _cBK
999 _c1678
_d1678